01356 a2200181 45000010006000000050017000060080041000230030015000640400040000790800046001192450083001650200018002482640037002663000024003035050808003271000019011357000020011543853920260407155648.0260407a1985 arg spa dAR-UNSa-BCEJYS aAR-UNSa-BCEJYSbspacAR-UNSa-BCEJYS a658.8.012.12xInvestigación de mercados10aInvestigación de mercadosptoma de decisiones del sector público y privado a968-25-0746-4 1aMéxico :bInteramericanac1985 axvi, 590 p.c24 cm. a1. Perspectiva general de la investigación de mercados en la toma de decisiones - 2. El proceso de investigación - 3. Diseño y realización de la investigación - 4. Recolección de información: métodos cualitativos y de observación - 5. Información recibida de los entrevistados: métodos de encuesta - 6. Diseño de cuestionario - 7. Medición de actitudes - 8. Aplicaciones de mediciones de actitudes a los problemas de mercadotecnia - 9. Muestreo - 10. Tamaño de la muestra y teoría estadística - 11. Experimentación - 12. Principios del análisis de información - 13. Comprobación de hipotesis - 14. Introducción de una tercera variable - 15. Análisis factorial - 16. Escalas de dimensiones múltiples y el análisis de grupos - 17. Análisis de regresión.1 aDay, George S.1 aAaker, David A.